书目信息 |
| 题名: |
生物固定化技术及应用
|
|
| 作者: | 朱启忠 编著 | |
| 分册: | ||
| 出版信息: | 北京 化学工业出版社 2009 |
|
| 页数: | 273页 | |
| 开本: | 24cm | |
| 丛书名: | ||
| 单 册: | ||
| 中图分类: | Q503 | |
| 科图分类: | ||
| 主题词: | 生物化学--技术 , 生物化学 | |
| 电子资源: | ||
| ISBN: | 978-7-122-04999-5 | |
| 000 | 00964nam0 2200253 45 | |
| 001 | 1033054171 | |
| 005 | 20100407171313.28 | |
| 010 | @a978-7-122-04999-5@dCNY78.00 | |
| 100 | @a20100401d2009 em y0chiy50 ea | |
| 101 | 0 | @achi |
| 102 | @aCN@b110000 | |
| 105 | @aa z 000yy | |
| 106 | @ar | |
| 200 | 1 | @a生物固定化技术及应用@ASheng Wu Gu Ding Hua Ji Shu Ji Ying Yong@dBiological technology and applications of immobilization@f朱启忠编著@FZhu Qi Zhong Bian Zhu@zeng |
| 210 | @a北京@c化学工业出版社@d2009 | |
| 215 | @a273页@c图@d24cm | |
| 330 | @a本书包括生物固定化技术概论、酶学概论、酶的固定化原理和方法、细胞的固定化原理和方法、固定化生物反应器和传感器以及生物固定化技术的应用等六章内容。 | |
| 510 | 1 | @aBiological technology and applications of immobilization@zeng |
| 606 | 0 | @a生物化学@x技术 |
| 606 | 0 | @a生物化学 |
| 690 | @aQ503@v4 | |
| 701 | 0 | @a朱启忠@AZhu Qi Zhong@4编著 |
| 801 | 0 | @aCN@bTANGWEI@c20100407 |
| 905 | @b0587889-92@dQ503@e168@f4 | |
| 生物固定化技术及应用=Biological technology and applications of immobilization/朱启忠编著.-北京:化学工业出版社,2009 |
| 273页:图;24cm |
| ISBN 978-7-122-04999-5:CNY78.00 |
| 本书包括生物固定化技术概论、酶学概论、酶的固定化原理和方法、细胞的固定化原理和方法、固定化生物反应器和传感器以及生物固定化技术的应用等六章内容。 |
| ● |
| 相关链接 |
|
|
|
|
正题名:生物固定化技术及应用
索取号:Q503/168
 
预约/预借
| 序号 | 登录号 | 条形码 | 馆藏地/架位号 | 状态 | 备注 |
| 1 | 0587889 | 205878898 | 第二样本阅览室/ [索取号:Q503/168] | 在馆 | |
| 2 | 0587890 | 205878905 | 第三借阅区/ [索取号:Q503/168] | 在馆 | |
| 3 | 0587891 | 205878914 | 第三借阅区/ [索取号:Q503/168] | 在馆 | |
| 4 | 0587892 | 205878923 | 第三借阅区/ [索取号:Q503/168] | 在馆 |